| 000 | 00724nas a2200253 4500 | ||
|---|---|---|---|
| 001 | BR9103585 | ||
| 003 | BR-BrBNA | ||
| 005 | 20231205092118.0 | ||
| 007 | ta | ||
| 008 | 230509b bl.|||p| |||| 00| 00por d | ||
| 040 |
_aBR-BrBNA _bpor _cBiblioteca Nacional de Agricultura |
||
| 041 | _a(Pt) | ||
| 072 | _aF01 | ||
| 100 | 1 | _aVerona, L.A.F. | |
| 100 | 1 | _aRabelo, J.A. | |
| 100 | 1 | _aBalardin, R.S. | |
| 245 | 1 | _aCultivares de morangueiro para o Oeste Catarinense | |
| 650 | _aMORANGO | ||
| 650 | _aVARIEDADE | ||
| 650 | _aSANTA CATARINA | ||
| 773 | 0 |
_tAgropecuaria Catarinense (Brazil) _xISSN 0103-0779 _g(Dec 1990), v. 30(4) p. 19-21 _wBR9103585 |
|
| 909 |
_a202311 _bLúcia _c55 _dLúcia Elande |
||
| 942 |
_2AGRIS _n0 _cANA |
||
| 999 |
_c129420 _d129420 |
||